000 00677nam a2200253Ia 4500
003 OSt
005 20220918163559.0
006 a|||||r|||| 00| 0
007 ta
008 220917b |||||||| |||| 00| 0 eng d
020 _a0192118684
024 _a37,225
037 _cTextual
040 _aARTS
_cARTS
_beng
041 _2eng
_aeng
082 _aO1285,1x, 111M6
100 _aKinsella Thoams ed & tr
_913993
245 0 _aNew oxford book of Irish verse
260 _aOxford
_bOUP
_c1986
300 _a423p.
_ccm.
650 _aENGLISH LITERATURE
942 _hO1285,1x, 111M6
_cTEXL
_2CC
999 _c120288
_d120288